000 00839nam a2200229 4500
001 127265
003 ES-MaACL
005 20250804010209.0
007 t|
008 070214s1975 sp r ||||1| spa d
100 1 _aReynolds, Lloyd G.
_996632
245 1 4 _aLos tres mundos de la economía
_b: capitalismo, socialismo y países menos desarrollados /
_cLloyd G. Reynolds ; traducción de Miguel Paredes Marcos.
260 _aMadrid :
_bAlianza Editorial,
_c1975.
300 _a360 p. ;
_c18 cm.
490 1 _aEl libro de bolsillo. Ciencia y técnica ;
_v569
650 4 _aEconomía comparada.
_9145847
700 1 _aParedes Marcos, Miguel,
_d1910-1976
_989053
830 1 3 _aEl libro de bolsillo.
_pCiencia y técnica
_v569
_9181079
852 _aES-MaACL
_jE-8510
852 _aES-MaACL
_jA-7691
999 _c127265
_d127265